NLSUI OPAC header image

Law on employment of children (Record no. 10090)

MARC details
000 -LEADER
fixed length control field 00424nam a2200181Ia 4500
003 - CONTROL NUMBER IDENTIFIER
control field OSt
005 - DATE AND TIME OF LATEST TRANSACTION
control field 20211129101250.0
008 - FIXED-LENGTH DATA ELEMENTS--GENERAL INFORMATION
fixed length control field 160316s1989 xxu||||| |||| 00| 0 eng
040 ## - CATALOGING SOURCE
Transcribing agency n
082 ## - DEWEY DECIMAL CLASSIFICATION NUMBER
Classification number 344.013400
Item number VER-1
100 ## - MAIN ENTRY--PERSONAL NAME
Personal name Verghese Jose P
245 ## - TITLE STATEMENT
Title Law on employment of children
260 ## - PUBLICATION, DISTRIBUTION, ETC.
Place of publication, distribution, etc. New Delhi
Name of publisher, distributor, etc. Capital Foundations
Date of publication, distribution, etc. 1989
300 ## - PHYSICAL DESCRIPTION
Extent 306p
365 ## - TRADE PRICE
Price amount 300/-
700 ## - ADDED ENTRY--PERSONAL NAME
Personal name
--
942 ## - ADDED ENTRY ELEMENTS (KOHA)
Source of classification or shelving scheme Dewey Decimal Classification
Koha item type BOOKs
Holdings
Withdrawn status Lost status Source of classification or shelving scheme Damaged status Not for loan Home library Current library Shelving location Date acquired Cost, normal purchase price Total Checkouts Full call number Barcode Date last seen Price effective from Koha item type
    Dewey Decimal Classification     . .   30.05.2017 300.00   344.0134 VER-1 10373 30.05.2017 30.05.2017 BOOKs